000
00334nam a2200145Ia 4500
008
191201s2007 xx 000 0 und d
082
_a
331.0954
_b
SEI
100
_a
SEN, Ratna
245
0
_a
Industrial Relations in India
250
_a
1st
260
_a
N.Delhi
_b
Macmillan
_c
2007
300
_a
507
650
_a
MBA
942
_2
ddc
_c
BK
999
_c
3079
_d
3079